000 00337 a2200157 4500
001 46754
020 _a9788526264397
040 _cAnchieta - Aquarius
100 _aSomper, Justin
240 1 0 _a=O Segredo da pirĂ¢mide
_lpor
245 1 0 _a=O Segredo da pirĂ¢mide
300 _a
362 0 _a2006
650 4 _aRomance
942 _cBK
999 _c46754
_d46754